Non-destructive microanalysis of cultural heritage materials
Guardado en:
| Otros Autores: | , |
|---|---|
| Formato: | Libro |
| Lenguaje: | inglés |
| Publicado: |
Amsterdam ; London
Elsevier
2004
|
| Colección: | Comprehensive analytical chemistry
v. 152 |
| Materias: | |
| Acceso en línea: | Ver en el OPAC |
| Etiquetas: |
Sin Etiquetas, Sea el primero en etiquetar este registro!
|
MARC
| LEADER | 00000nam a2200000 a 4500 | ||
|---|---|---|---|
| 005 | 20260127134303.0 | ||
| 008 | 090121 2009 ne 000 0 eng d | ||
| 020 | |a 0444507388 | ||
| 035 | |a vtls009463750 | ||
| 039 | 9 | |y 200901211140 |z mschk03 | |
| 040 | |a STUSCHK1 |b slo |c STUSCHK1 |e AACR2 | ||
| 080 | |a 543 |2 22 | ||
| 245 | 1 | |a Non-destructive microanalysis of cultural heritage materials |c edited by K. Janssens, R. van Grieken | |
| 260 | |a Amsterdam ; |a London |b Elsevier |c 2004 | ||
| 300 | |a xxviii, 800 p. |b ill. |c 25 cm | ||
| 490 | 0 | |a Comprehensive analytical chemistry |v v. 152 | |
| 650 | 0 | |a chemistry |x analytical | |
| 700 | 1 | |a Janssens, Koen H.A. | |
| 700 | 1 | |a Grieken, René van | |
| 910 | |a SCHK95 | ||
| 919 | |a 0-444-50738-8 | ||
| 999 | |c 8811 |d 8811 | ||